Méthode uniforme pour l'ensegnement des langues : corrigé du cours de thèmes grecs /

El francés Edouard Sommer desarrolló en el siglo XIX una propuesta metodológica para la enseñanza uniforme de las lenguas, de la que surgieron una serie de libros –firmados por el propio Sommer y por otros autores- distribuidos en tres grupos, correspondientes al idioma francés, a las lenguas extran...

Descrición completa

Gardado en:
Detalles Bibliográficos
Autor Principal: Sommer, Edouard (autor)
Formato: Libro
Idioma:francés
Temas:
Etiquetas: Engadir etiqueta
Sen Etiquetas, Sexa o primeiro en etiquetar este rexistro!

MARC

LEADER 00000nam^a2200000^a^4500
001 000183922
005 20250526000000.0
009 20260310102058.213
037 |a Acervo ITESO - Biblioteca 
041 |a FRA 
082 |a 487. 01  |b SOM THE COR 
100 |a Sommer, Edouard  |e (autor) 
240 1 1 |a [Méthode uniforme pour l'enseignement des langues: langues anciennes: grec] 
240 1 1 |a [Méthode uniforme pour l'enseignement des langues] 
245 1 0 |a Méthode uniforme pour l'ensegnement des langues :  |b corrigé du cours de thèmes grecs /  |c E. Sommer. 
264 |a París, Francia :  |b Hachette,  |c 1865 
300 |a 182 p. ;  |c 18.0 cm. 
336 |a texto  |b txt  |2 rdacontenido 
337 |a sin mediación  |b n  |2 rdamedio 
338 |a volumen  |b nc  |2 rdasoporte 
520 |a El francés Edouard Sommer desarrolló en el siglo XIX una propuesta metodológica para la enseñanza uniforme de las lenguas, de la que surgieron una serie de libros –firmados por el propio Sommer y por otros autores- distribuidos en tres grupos, correspondientes al idioma francés, a las lenguas extranjeras y a las lenguas antiguas. El presente volumen, escrito por el autor del método, es una selección de lecturas en griego. La Biblioteca del ITESO cuenta en su Fondo de Libros Raros y Antiguos con otros tres títulos de la serie referentes al griego: el curso de gramática (Cours complet de grammaire grecque), un libro de ejercicios del curso de gramática (Exercices sur le cours complet de grammaire grecque) y el segundo tomo de un conjunto de versiones francesas de textos griegos (Corrigé du cours de thèmes grecs). 
546 |a Edición bilingüe francés-griego 
649 |a XX 
650 |a Griego como Lengua Extranjera -  |x Estudio y Enseñanza -  |x Tema Principal 
650 |a Lenguas Indo-Europeas -  |x Estudio y Enseñanza 
650 |a Lenguas Extranjeras -  |x Estudio y Enseñanza 
650 |a Lenguas -  |x Estudio y Enseñanza 
650 |a Lingüística 
910 |a Fondo General 
920 |a Impresos - Libros 
930 |a Libros Antiguos y Raros 
905 |a 108 
901 |a 0500124463  |b IT2  |c LRA  |u 20250526 
902 |a https://opac.biblio.iteso.mx/vufind/Record/000183922